• 首页
  • 本馆介绍
  • 公告通知
  • 最新文献
  • 馆藏检索
  • 电子资源
  • 读者导购
  • 参考咨询
  • 我的图书馆
  • 登录
  • 详细信息显示
  • 放入我的书架
  • 预约/预借图书
  • 作者相关作品
  • 分类相关作品
  • 丛书相关作品
  • 出版社相关作品

书目信息

  • 表格格式
  • 工作单格式
  • 卡片格式
题名:
环境经济地理研究
    
 
作者: 贺灿飞 , 周沂 著
分册:  
出版信息: 北京   科学出版社  2016
页数: 236页
开本: 26cm
丛书名: 北大-林肯中心丛书
单 册:
中图分类: F129.9
科图分类:
主题词: 环境经济--经济地理--研究--中国
电子资源:
ISBN: 978-7-03-049242-5
000 00909oam2 2200265 450
001 012001005779
005 20080820130741.0
010    @a978-7-03-049242-5@dCNY98.00
100    @a20170427d2016 em y0chiy50 ea
101 0  @achi
102    @aCN@b110000
105    @aab z 000yy
106    @ar
200 1  @a环境经济地理研究@9huan jing jing ji di li yan jiu@f贺灿飞,周沂著
210    @a北京@c科学出版社@d2016
215    @a236页@c图,地图@d26cm
225 1  @a北大-林肯中心丛书
330    @a本书深入理解转型期中国城市区域经济发展与环境污染的关系,在总结全球和中国环境问题基础上,从经济地理视角系统梳理了环境经济地理的研究视角与研究框架。
461  0 @12001 @a北大-林肯中心丛书
606 0  @a环境经济@x经济地理@x研究@y中国
690    @aF129.9@v5
701  0 @a贺灿飞@9he can fei@f(1973.1-)@4著
701  0 @a周沂@9zhou yi@4著
801  0 @aCN@b上海新华@c20180901
905    @b1167976-9@dF129.9@e116@f4
    
    环境经济地理研究/贺灿飞,周沂著.-北京:科学出版社,2016
    236页:图,地图;26cm.-(北大-林肯中心丛书)
    
    
    ISBN 978-7-03-049242-5:CNY98.00
    本书深入理解转型期中国城市区域经济发展与环境污染的关系,在总结全球和中国环境问题基础上,从经济地理视角系统梳理了环境经济地理的研究视角与研究框架。
●
相关链接 在E读中查询图书 在五车中查询图书 在当当中查询图书 在豆瓣中查询图书


正题名:环境经济地理研究     索取号:F129.9/116         预约/预借

序号 登录号 条形码 馆藏地/架位号 状态 备注
1 1167976   211679762   第一样本阅览室/ [索取号:F129.9/116] 在馆    
2 1167977   211679771   第一借阅区/ [索取号:F129.9/116] 在馆    
3 1167978   211679780   密集书库-海洋学院/ [索取号:F129.9/116] 在馆    
4 1167979   211679799   第一借阅区/ [索取号:F129.9/116] 在馆    
唐山师范学院图书馆 欢迎您!
大连网信软件有限公司© 版权所有